Normal view
MARC view
- Penaloza, Gonzalo.
Entry Personal Name
001 - CONTROL NUMBER
- control field: 59276
003 - CONTROL NUMBER IDENTIFIER
- control field: OSt
005 - DATE AND TIME OF LATEST TRANSACTION
- control field: 20240828154521.0
008 - FIXED-LENGTH DATA ELEMENTS
- fixed length control field: 240828|| aca||aabn | a|a d
040 ## - CATALOGING SOURCE
- Original cataloging agency: OSt
- Transcribing agency: OSt
100 ## - HEADING--PERSONAL NAME
- Personal name: Penaloza, Gonzalo.
- Relator term: author.
670 ## - SOURCE DATA FOUND
- Source citation: Work cat.: (OSt): Silva, Heslley M. author. 59275, Chimpanzee included in the genus homo? how biology teachers from three latin american countries conceive it /, November 2019.
